000 00744nam a2200217Ia 4500
003 GCL
008 140319s9999 xx 000 0 ara d
040 _aGCL /
_cGCL
082 0 4 _a953.0711
_bو خ
100 1 _aوفاء عبدالله سليمان المزروع
245 1 0 _aالخليفة الاموى الحكم المنتصر 350_ 366 هـ /
_cوفاء عبدالله سليمان المزروع
250 _aالاولى
260 _aالرياض :
_bالدار السعودية للنشر والتوزيع
300 _a189 ص ؛
_c24 سم
490 _a
650 0 4 _aتاريخ
650 0 4 _aالدولة الاموية
650 0 4 _aالامويون
650 0 4 _aالامويون فى اسبانيا
942 _2ddc
_cBK
999 _c31734
_d31734